Doprava, to nie sú len cesty

Bibliographic Details
Main Author: Mikolaj, Dušan, 1948- (Author)
Format: Article
Language:Slovak
PhysicalDescription:Obr. 6.
Subjects:

MARC

LEADER 00000nab a2200000 a 4500
001 vtls000092532
003 SK-MaSNL
005 20260303165106.0
008 111103c1981 xo 0 slo
015 |a SNBRB19rr/mm-uuuuu 
035 |a CL0102635 
040 |a SNKBUCL  |b slo  |c SNKBUCL  |e AACR2 
041 0 |a slo 
044 |a xo  |c SK 
080 |a 378.6  |2 1981 
100 1 |a Mikolaj, Dušan,  |d 1948-  |4 aut  |9 222298 
245 1 0 |a Doprava, to nie sú len cesty  |c Dušan Mikolaj 
300 |b Obr. 6. 
610 2 7 |a Vysoká škola dopravy a spojov v Žiline  |2 snkbucl 
651 7 |a 5313  |2 snkbucl  |9 893759 
655 7 |a články z novín a časopisov  |2 snkbucl  |9 267496 
773 0 |t Slovensko  |g Roč. 5, č. 5 (1981), s. 4-5 
850 |a Slovenská národná knižnica v Martine  |a MTA001 
852 |a SNK  |b KIS3GCP 
958 |a RK 
992 |a RBX 
999 |c 2069737  |d 2071667